000 00533nam a2200217Ia 4500
003 OSt
005 20221005131935.0
006 a|||||r|||| 00| 0
007 ta
008 221004b |||||||| |||| 00| 0 tam d
024 _a52787
037 _cTextual
040 _aCRL
_cCRL
_btam
041 _2tam
_atam
082 _aY:351.211, 31L4
245 0 _aTamizh nattu makkalin marabum panbadum
260 _c1974
650 _aSOCIOLOGY
942 _hY:351.211, 31L4
_cTEXL
_2cc
999 _c1061903
_d1061903